| 000 | 00536nam a2200169Ia 4500 | ||
|---|---|---|---|
| 003 | LK-CoDNM | ||
| 005 | 20231014110930.0 | ||
| 008 | 010623t1871 xxu||||| |||| 00| 1 eng d | ||
| 040 |
_aLK-CoDNM _dLK-CoDNM _eLK-CoDNM |
||
| 041 | _aeng | ||
| 080 | _a12 F12 | ||
| 100 | _aGarrett,John. | ||
| 245 | _aA Classical Dictionary of India : Illustrative of the Mythology Philosophy,Literature,Antiquities Arts,Manners Customs and C of the Hindus | ||
| 260 |
_bHigginbotham Company _aMadras _c1871 |
||
| 300 | _bVIII,793p., 21 cm | ||
| 942 | _cBK | ||
| 999 |
_c81718 _d81718 |
||